Slipknot Lyric Quiz - Statistics

General Stats
  • This quiz has been taken 1,083 times
  • The average score is 15 of 50
Answer Stats
Lyric Song % Correct
I did my time, And I want out, So effusive, Fade, It doesn't cut, The soul is not so vibrant Psychosocial
88%
I push my fingers into my eyes, It's the only thing, that slowly stops the ache Duality
84%
It's strange, whenever I see a gun, I think about just how petty you are, And it blows my f**king mind, yeah it blows my f**king mind Custer
74%
Since your never gave a damn in the first place, maybe it's time you had the tables turned. Spit It Out
72%
You can't see California without Marlon Brando's eyes Eyeless
61%
I felt the hate rise up in me, Kneel down and clear the stone of leaves Wait And Bleed
60%
If your 555 then I'm 666! The Heretic Anthem
59%
I want slit your throat, and f**k the wound, Wanna push my face in and feel the swoon. Disasterpiece
56%
Oh, I'll never kill myself to save my soul, I was gone, but how was I to know? Unsainted
54%
I IGNORE YOU! As I close my eyes, I feel it all slipping away! Left Behind
53%
Claustrophobic, closing in and I'm catastrophic, not again, I'm smeared across the page and doused in gasoline Before I Forget
51%
Stay, you don't always know where you stand, 'Til you know that you won't run away Sulfur
51%
My heart is just too dark to care, I can't destroy what isn't there Snuff
46%
Enemy, Show me what you wanna be, I can handle anything, Even if I can't handle you! (Sic)
43%
She is everything and more, the solemn hypnotic, My Dahlia bathed in possession, she is home to me Vermillion
41%
A home like yours is upside down, To much animosity, Nobody does it better than enemy Nero Forte
39%
I play doctor for five minutes flat, before I cut my heart open, and let the air out. Scissors
37%
Under the words of men, something is tempting the father, Where is your will, my friend? Insatiates never even bother The Devil In I
36%
Maybe I should let her go, But only when she loves me Killpop
32%
You all stare but you'll never see, there is something inside me Purity
32%
You told me to love you and I did, Tied my soul into a knot and got me to submit Dead Memories
27%
I don't mind being ogled, ridiculed, made to feel minuscule, If you consider the source, it's kinda pitiful My Plague
27%
Understand I can't feel anything, It isn't like I wanna sift through the decay People = Sh*t
26%
Shallow skin, I can paint with pain, I mark the trails on my arms with your disdain Everything Ends
24%
The lord of lies, the morning star, You had to be set free The Negative One
23%
Good riddance - though I'm sad to say, I didn't get to kill you Eeyore
22%
Show you nothin, but I ain't holdin' back, Every damn word I say is a sneak attack. Surfacing
22%
(Don't go) I never wanted anybody more, Than I wanted you… The Nameless
21%
What the hell! did I do! to deserve! all of this?! Diluted
20%
Section off myself, Put a wall up- what the hell have I done? Liberate
19%
You're gonna need a new disguise, Vessels burst, veins release, Just slide into the nearest lie The Chapeltown Rag
19%
They sway as they swarm, a look of gluttons in their eyes, They mutter as the body loses warmth Solway Firth
16%
I am not the same, You never had a clue or knew my name Orphan
15%
Can't afford to be the goddamn wreckage, Burn it all again at a million degrees All Out Life
14%
Disguises show me what am I if I am only, The status quo is not a punishment, but now it feels like home Nomadic
14%
I'm not the second coming, I'm the first wave, Better get an army 'cause the fire left unscathed Only One
14%
Come see my cage, built in migraine Skin Ticket
14%
The hell is humongous, the devil's among us, And we will burn 'cause we won't unite All Hope Is Gone
13%
Don't drag our opinions, our opinions are great, It's new school face motherf**kers I hate Get This!
13%
The ultimate way is the way you control, But can you stay if you detach your soul? The Blister Exists
13%
Everything sucks, and I can prove it ,Everybody dies, shuffle on, remove it I Am Hated
12%
We are the bitter, the maladjusted and wise, Fighting off a generation too uptight Birth of the Cruel
11%
Feed the hungry, feed them sh*t, Feed them bones and politics Gematria (The Killing Name)
11%
Burn up in your atmosphere, Burn up in your utmost fear Sarcastrophe
11%
My demise, I took a life worth living and made it worth a mockery, I deny, I fold, but they keep on coming Metabolic
10%
Nothing appeals to me, no one feels like me, I'm too busy being calm to disappear XIX
8%
It's judgment day, and I'm not prepared, Everybody out there's running scared Opium of the People
7%
Emancipation, cattle on displacement, You want to reason, but there is no response Red Flag
7%
The ending's the same, The world will not change, The answer is clear, Annihilation Wherein Lies Continue
7%
Clawed away from human clay, We are the broken shards the art disarray Welcome
6%
No matching quizzes found
Score Distribution
Percent of People with Each Score
Percentile by Number Answered
Your Score History
You have not taken this quiz